Regional (Record no. 78343)

MARC details
000 -LEADER
fixed length control field 00738cab a2200193 4500
001 - CONTROL NUMBER
control field l136551
008 - FIXED-LENGTH DATA ELEMENTS--GENERAL INFORMATION
fixed length control field 070207n2007 000 0 eng u
035 ## - SYSTEM CONTROL NUMBER
System control number (Sirsi) u136551
041 0# - LANGUAGE CODE
Language code of text/sound track or separate title eng
100 1# - MAIN ENTRY--PERSONAL NAME
Personal name Heap, Richard
245 00 - TITLE STATEMENT
Title Regional
Remainder of title Berkshire
260 ## - PUBLICATION, DISTRIBUTION, ETC.
Date of publication, distribution, etc. 2007
490 #0 - SERIES STATEMENT
Series statement Property Week
Volume/sequential designation 72(5) 2 February 2007, 73-90(12)
520 ## - SUMMARY, ETC.
Summary, etc. Discusses the protests of local retailers in Windsor at the arrival of a large chain store retailer, the outlook for Reading's office sector, Reading's attempt at improving it's image and the absence of development in Newbury's industrial property market.
590 ## - LOCAL NOTE (RLIN)
Local note KA
651 #4 - SUBJECT ADDED ENTRY--GEOGRAPHIC NAME
Geographic name BERKSHIRE
690 ## - LOCAL SUBJECT ADDED ENTRY--TOPICAL TERM (OCLC, RLIN)
Topical term or geographic name as entry element PROPERTY-COMMERCIAL PROPERTY-COMMERCIAL PROPERTY MARKET
942 ## - ADDED ENTRY ELEMENTS (KOHA)
Suppress in OPAC 0
Holdings
Withdrawn status Lost status Source of classification or shelving scheme Damaged status Not for loan Home library Current library Shelving location Date acquired Total Checkouts Full call number Barcode Date last seen Copy number Price effective from Koha item type
    Dewey Decimal Classification     London London Journal article 07/02/2007   L136551 136551-1001 06/08/2019 1 06/08/2019 Journal article